Statistics for Somebody To Love - Jefferson Airplane | Guess the Lyrics

Click here to take the quiz!

General Stats

  • This quiz has been taken 6 times
  • The average score is 157 of 174

Answer Stats

Answer% Correct
a
100%
all
100%
be
100%
better
100%
Don't
100%
don't
100%
find
100%
I
100%
is
100%
love
100%
Love,
100%
need
100%
so
100%
somebody
100%
the
100%
They
100%
to
100%
truth
100%
want
100%
When
100%
Wouldn't
100%
You
100%
you
100%
Your
100%
your
100%
and
83%
And
83%
dies
83%
found
83%
in
83%
joy
83%
know
83%
lies
83%
mind,
83%
mind
83%
of
83%
say
83%
where
83%
within
83%
are
67%
baby
67%
but
67%
down
67%
eyes
67%
eyes,
67%
friends,
67%
full
67%
guest
67%
head,
67%
his
67%
I'm
67%
it
67%
like
67%
look
67%
may
67%
treat
67%
Yeah,
67%
afraid
50%
breast
50%
running
50%
Tears
50%
They're
50%
dead,
33%
yes
33%
flowers,
17%
garden
17%
red
17%

Score Distribution

Percentile by Number Answered

Percent of People with Each Score

Your Score History

You have not taken this quiz